| 000 | 00791nam a22002297a 4500 | ||
|---|---|---|---|
| 999 |
_c65134 _d65134 |
||
| 005 | 20240530110809.0 | ||
| 008 | 190318s1965 ua g 000 0 ara d | ||
| 017 | _bمصر. دار الكتب | ||
| 040 |
_aEG-CaGPL _cEG-CaGPL |
||
| 082 | 0 | 4 |
_221 _a150.19/ _bم إ |
| 100 | 0 | _aمصطفى فهمى | |
| 245 | 1 | 2 |
_aالانسان وصحتة النفسية / _cمصطفى فهمى |
| 260 |
_aالقاهرة : _bالدار المصرية للتاليف والترجمة، _c1965. |
||
| 300 |
_a119 ص. ؛ _c19 سم. |
||
| 490 | 0 |
_aالمكتبة الثقافية ؛ _v145. |
|
| 650 | 0 | 7 |
_2qrmak _aعلم النفس |
| 650 | 0 | 7 |
_2qrmak _aعلم النفس التربوى |
| 650 | 0 | 7 |
_2qrmak _aالشخصية |
| 650 | 0 | 7 |
_2qrmak _aالصحة النفسية |
| 651 | _2qrmak | ||
| 942 |
_2ddc _cBK |
||